000 00790nas a2200241 4500
001 BR8902557
003 BR-BrBNA
005 20231205091544.0
007 ta
008 230509b bl.|||p| |||| 00| 00por d
040 _aBR-BrBNA
_bpor
_cBiblioteca Nacional de Agricultura
041 _a(Pt)
072 _aM40
100 1 _aBrandini, F.P.
245 1 _aComposicao e distribuicao do fitoplancton na regiao Sudeste do Brasil e suas relacoes com as massas de agua (Operacao Sudeste - julho/agosto 1982)
650 _aFITOPLANCTON
650 _aZOOPLANCTON
650 _aHIDROGRAFIA
650 _aREGIAO SUDESTE
773 0 _tCiencia e Cultura (Brazil)
_xISSN 0009-6725
_g(Apr 1988), v. 40(4) p. 334-341
_wBR8902557
909 _a202311
_bLúcia
_c55
_dLúcia Elande
942 _2AGRIS
_n0
_cANA
999 _c125842
_d125842